Puro fútbol | Todos sus cuentos de fútbol (Registro nro. 688)
[ vista simple ]
| 000 -CABECERA | |
|---|---|
| fixed length control field | 00680nam a2200241Ia 4500 |
| 003 - CONTROL NUMBER IDENTIFIER | |
| control field | AR-BeUNQ |
| 005 - FECHA Y HORA DE LA ULTIMA TRANSACCION | |
| control field | 20240429142606.0 |
| 008 - ELEMENTOS DE LONGITUD FIJA-INFORMACION GENERAL | |
| fixed length control field | 221202s9999 xx 000 0 und d |
| 020 ## - NUMERO INTERNACIONAL NORMALIZADO PARA LIBROS | |
| Número Internacional Normalizado del libro | 9789504936770 |
| 040 ## - FUENTE DE CATALOGACION | |
| Agencia de catalogación original | AR-BeUNQ |
| Idioma de catalogación | ESPAÑOL |
| Convenciones de la descripción | aacr |
| Agencia que realiza la transcripción | AR-BeUNQ |
| 100 ## - ASIENTO PRINCIPAL-NOMBRE PERSONAL | |
| Nombre personal | Fontanorrosa, Roberto |
| 245 #0 - MENCION DE TITULO | |
| Título | Puro fútbol |
| Otra información sobre el título | Todos sus cuentos de fútbol |
| 250 ## - MENCION DE EDICION | |
| Mención de edición | 1a ed. |
| 260 ## - PUBLICACION, DISTRIBUCION, ETC. | |
| Lugar de publicación, distribución, etc. | Ciudad Autónoma de Buenos Aires |
| Nombre del editor, distribuidor, etc. | Planeta |
| Fecha de publicación, distribución, etc | 2013 |
| 300 ## - DESCRIPCION FISICA | |
| Extensión | 224 p. ; |
| Dimensiones | 21 x 13 cm |
| 521 ## - NOTA DE AUDIENCIA | |
| Nota de audiencia | Todo publico |
| 546 ## - NOTA DE IDIOMA | |
| Nota de idioma | Español |
| 653 ## - TERMINO DE INDIZACION - NO CONTROLADO | |
| Término de indización no controlado | Literatura argentina |
| 653 ## - TERMINO DE INDIZACION - NO CONTROLADO | |
| Término de indización no controlado | Narrativa argentina |
| 653 ## - TERMINO DE INDIZACION - NO CONTROLADO | |
| Término de indización no controlado | Relatos |
| 929 ## - DATOS DE ADQUISICION | |
| Proveedor | MEN |
| Fecha de recibido | 2019 |
| Procedencia | DONACION |
| Número de inventario | 60212 |
| Patrimonio UNQ | PAT60622 |
| 942 ## - ELEMENTOS DE PUNTO DE ACCESO ADICIONAL (KOHA) | |
| Tipo de ítem Koha | Libros |
| Suppress in OPAC | 0 |
| Estado de retiro | Estado de pérdida | Fecha de ingreso | Total Checkouts | Signatura topográfica completa | Inventario | Date last seen | Tipo de ítem Koha | Ubicación permanente | Ubicación actual | Ubicación en estantería |
|---|---|---|---|---|---|---|---|---|---|---|
| 02/12/2022 | 863 FON | 60212 | 02/12/2022 | Libros | ||||||
| 15/04/2024 | 863/ FON | 15/04/2024 | Libros | Biblioteca ESET - UNQ | Biblioteca ESET - UNQ | CIRCULACION |